• 首页
  • 本馆介绍
  • 公告通知
  • 最新文献
  • 馆藏检索
  • 电子资源
  • 读者导购
  • 参考咨询
  • 我的图书馆
  • 登录
  • 详细信息显示
  • 放入我的书架
  • 预约/预借图书
  • 作者相关作品
  • 分类相关作品
  • 丛书相关作品
  • 出版社相关作品

书目信息

  • 表格格式
  • 工作单格式
  • 卡片格式
题名:
世界贸易组织法
    
 
作者: 韩立余 著
分册:  
出版信息: 北京   中国人民大学出版社  2010
页数: 272页
开本: 24cm
丛书名:
单 册:
中图分类: F743
科图分类:
主题词:
电子资源:
ISBN: 978-7-300-11621-1
000 00806nam0 22002531 450
001 350274
005 20161009104644.60
010    @a978-7-300-11621-1@dCNY29.00
100    @a20100429d2010 em y0chiy50 ea
101 0  @achi
102    @aCN@b110000
105    @ay z 000yy
106    @ar
200 1  @a世界贸易组织法@AShi Jie Mao Yi Zu Zhi Fa@b电子资源.图书@f韩立余著
205    @a2版
210    @a北京@c中国人民大学出版社@d2010
215    @a272页@d24cm
325    @a电子复制品
330    @a本书共分三个部分十三章,内容包括:法律制度总论、贸易制度分论和中国与世界贸易组织等三个部分。
601 02 @a世界贸易组织@AShi Jie Mao Yi Zu Zhi@x规则@x高等学校@j教材
690    @aF743@v5
701  0 @a韩立余@AHan Li Yu@f(1965~)@4著
801  0 @aCN@bTANGWEI@c20160803
905    @b0889205-9@dF743@e183=2@f5
    
    世界贸易组织法[电子资源.图书]/韩立余著 .-2版.-北京:中国人民大学出版社,2010
    272页;24cm
    
    
    ISBN 978-7-300-11621-1:CNY29.00
    本书共分三个部分十三章,内容包括:法律制度总论、贸易制度分论和中国与世界贸易组织等三个部分。
●
相关链接 在E读中查询图书 在五车中查询图书 在当当中查询图书 在豆瓣中查询图书


正题名:世界贸易组织法     索取号:F743/183=2         预约/预借

序号 登录号 条形码 馆藏地/架位号 状态 备注
1 0889205   208892055   第一样本阅览室/ [索取号:F743/183=2] 在馆    
2 0889206   208892064   第一借阅区/ [索取号:F743/183=2] 在馆    
3 0889207   208892073   第一借阅区/ [索取号:F743/183=2] 在馆    
4 0889208   208892082   第一借阅区/ [索取号:F743/183=2] 在馆    
5 0889209   208892091   密集书库-史法系/ [索取号:F743/183=2] 在馆    
唐山师范学院图书馆 欢迎您!
大连网信软件有限公司© 版权所有